'Baby' Things II Quiz Stats

 Plays Quiz Updated Oct 22, 2014

Also try: 'Baby' Things
Challenge
Share
Tweet
Embed
Score 0/28 Timer 09:00
3 Plays Today
Hint Baby/Babe/Babies Name or Term % Correct
A sheepherding pig of book and movie fameBabe the Gallant Pig
98.7%
It sounds like it's 'raining babies', but this term really means a gift-giving party
for an expectant mom
Baby Shower
86%
Goldilocks liked his porridge the best...
and his chair...and his bed
Baby Bear
85.5%
Sign letting other drivers know that there is
an infant in the car
Baby on Board
84.3%
Specialty at Chili's....'I want my....'Baby Back Ribs
76.7%
Cartoon series starring Kermit, Piggy, Gonzo, etc., as toddlersMuppet Babies
74.8%
Urban slang for the mother of a baby who is not married to the father;
or a 2008 film with Tina Fey
Baby Mama
71.7%
A guy (or perhaps his car) that attracts femalesBabe Magnet
71.4%
Tiny white flowers often used by florists
as filler in bouquets
Baby's Breath
69.1%
Small floppy animal toys created by Ty WarnerBeanie Babies
65.7%
A leading retailer for baby registries & baby products of all kindsBabies R Us
65.1%
Since 1928, this has been the icon of a well known baby foods companyGerber Baby
64.5%
Infant's lullaby song with grim lyricsRock-a-Bye-Baby
64.2%
Paul Bunyan's colorful petBabe the Blue Ox
52.7%
Hint Baby/Babe/Babies Name or Term % Correct
Choose either candy to answer: Gummy baby-shaped candies in various colors popular in the UK; or bite-sized caramel candies based on the Sugar Daddy caramel lollipopJelly Babies or Sugar Babies
51.2%
Comic strip about a family with 3 small children; or postpartum depressionBaby Blues
47.7%
3-D animated baby that was a late '90s internet sensation; also appeared on Ally McBeal as her hallucinationsDancing Baby (aka Baby Cha-Cha)
45.5%
1961 Disney live action film featuring nursery rhyme characters & wooden soldiersBabes in Toyland
44.4%
A line of products and toys for babies that explore classical music, art, & poetryBaby Einstein
44%
Very huge cartoon toddler duckBaby Huey
36.1%
Barney the Dinosaur's green triceratops friend appearing on Barney & Friends children's showBaby Bop
35.5%
Urban clothing line designed by
Kimora Lee Simmons
Baby Phat
35.2%
1938 movie starring Katharine Hepburn,
Cary Grant, & a leopard
Bringing Up Baby
25.7%
From a traditional children's tale, an expression meaning inexperienced innocents entering unknowingly into a dangerous situationBabes in the Wood
24.7%
Named by Guinness Book of Records as one of the most versatile female competitors, she excelled in golf, basketball, & track and fieldBabe Didrikson Zaharias
23.8%
Hasbro doll available with various life-like attributes, such as crying, eating, wetting, etc. Baby Alive
19.7%
Minnesota based pro fisherman & star of
'Good Fishing' TV program
Babe Winkelman
6.4%
Blondie and Dagwood Bumstead's first child (nickname)Baby Dumpling
2.9%

You're not logged in!

Compare scores with friends on all Sporcle quizzes.
Join for Free
OR
Log In

You Might Also Like...

Show Comments

Extras

Top Quizzes Today


Score Distribution

Your Account Isn't Verified!

In order to create a playlist on Sporcle, you need to verify the email address you used during registration. Go to your Sporcle Settings to finish the process.

Report this User

Report this user for behavior that violates our Community Guidelines.

Details: